[Event "Andranik Margaryan Mem"]
[Site "Yerevan ARM"]
[Date "2017.01.16"]
[Round "9.2"]
[White "Gordievsky, Dmitry"]
[Black "Mikaelyan, Arman"]
[Result "1/2-1/2"]
[WhiteTitle "IM"]
[BlackTitle "IM"]
[WhiteElo "2562"]
[BlackElo "2432"]
[WhiteFideId "24112798"]
[BlackFideId "13304852"]
[EventDate "2017.01.08"]

1. c4 c6 2. Nf3 Nf6 3. b3 d5 4. Bb2 Bg4 5. e3 e6 6. h3 Bh5 7. Nc3 Nbd7 8. Be2
Bd6 9. Rc1 O-O 10. d4 Ne4 11. Nxe4 dxe4 12. Nd2 Bg6 13. h4 f5 14. d5 f4 15. h5
Bf5 16. exf4 Bxf4 17. g3 Be5 18. Ba3 c5 19. b4 Qg5 20. Nf1 exd5 21. cxd5 Bd4 22.
bxc5 Bxf2+ 23. Kxf2 Bh3+ 24. Ke1 Bxf1 25. Rxf1 Qxg3+ 26. Kd2 Qxa3 27. Qb3 Qa5+
28. Qc3 e3+ 29. Ke1 Rxf1+ 30. Kxf1 Rf8+ 31. Ke1 Qd8 32. Qxe3 Re8 33. Qd4 Qg5 34.
Rc2 Nf6 35. c6 Ne4 36. Rc4 bxc6 37. dxc6 Rd8 38. Qxd8+ Qxd8 39. Rxe4 Qa5+ 40.
Kf2 Qc5+ 41. Kg2 Qxc6 42. Bf3 Qc2+ 43. Re2 Qc5 44. Re4 Qg5+ 45. Kh3 Kf7 46. a4
Kf6 47. Rc4 Qe3 48. Kg2 Kf5 49. Bg4+ Ke5 50. Bf3 Qb3 51. Re4+ Kf5 52. Rg4 Qc2+
53. Kg3 Qc7+ 54. Kg2 Qe7 55. Kg3 Qd6+ 56. Kg2 Qc5 57. Rxg7 Qc2+ 58. Kg3 Qxa4 59.
Rxh7 Qf4+ 60. Kg2 Qd2+ 61. Kg3 Qd6+ 62. Kg2 Kf4 63. Rf7+ Ke3 64. Bg4 a5 65. Rf3+
Ke4 66. Bf5+ Ke5 67. Bg6 Qd2+ 68. Rf2 Qg5+ 69. Kf1 a4 70. Re2+ Kd4 71. Rf2 a3
72. Bf7 Qg4 73. h6 Ke3 74. h7 Qh3+ 75. Kg1 Qxh7 76. Ba2 Qh4 77. Rg2 Qd4 78. Bg8
Kf3+ 79. Kh1 Qd7 80. Kg1 Qh3 81. Bd5+ Kf4 82. Ba2 Qh8 83. Bg8 Qe5 84. Ba2 Kf3
85. Bg8 Qc5+ 86. Kh2 Qc7+ 87. Kg1 Ke3 88. Ba2 Qa7 89. Kh2 Kf3 90. Bd5+ Kf4 91.
Ba2 Qh7+ 92. Kg1 Qh3 93. Bg8 Qd3 94. Ba2 Kf3 95. Rf2+ Ke3 96. Rg2 Qd1+ 97. Kh2
Kf3 98. Rg3+ Kf4 99. Rg2 Qh5+ 100. Kg1 Qc5+ 101. Kh2 Kf3 102. Bg8 a2 103. Bxa2 1/2-1/2

[Event "Andranik Margaryan Mem"]
[Site "Yerevan ARM"]
[Date "2017.01.16"]
[Round "9.5"]
[White "Bogdanovich, Stanislav"]
[Black "Paravyan, David"]
[Result "1-0"]
[WhiteTitle "IM"]
[BlackTitle "IM"]
[WhiteElo "2595"]
[BlackElo "2540"]
[WhiteFideId "14115298"]
[BlackFideId "4194985"]
[EventDate "2017.01.08"]

1. d4 d5 2. Nf3 e6 3. Bf4 Bd6 4. Bg3 Nf6 5. Nbd2 O-O 6. e3 b6 7. c3 Bb7 8. Bb5
c5 9. O-O a6 10. Bd3 Qc7 11. Ne5 Nbd7 12. f4 b5 13. Rc1 Ne4 14. Nxd7 Qxd7 15.
Nxe4 dxe4 16. Bxe4 Bxe4 17. dxc5 Bxg2 18. Rf2 Bd5 19. cxd6 f5 20. b3 Rac8 21.
Rfc2 Rc5 22. c4 Be4 23. Rd2 Rfc8 24. Rd4 Bd5 25. Qd3 Bb7 26. Kf2 Qc6 27. Ke1 Rd8
28. Kd2 bxc4 29. Rcxc4 Rd7 30. Rxc5 Qxc5 31. Qc4 Qxc4 32. bxc4 Bc6 33. Kc3 Rb7
34. Rd3 Kf7 35. Kd4 Ke8 36. Kc5 Kd7 37. Ra3 Ra7 38. Be1 Ra8 39. Ba5 h6 40. h4 g5
41. hxg5 hxg5 42. fxg5 e5 43. g6 Bg2 44. Rb3 f4 45. exf4 exf4 46. Rb1 Rf8 47.
Re1 Rf5+ 48. Kb6 Kxd6 49. g7 Rg5 50. Bb4+ Kd7 51. Re7+ Kd8 52. Rf7 Rg6+ 53. Ka7
f3 54. Bc5 1-0